[Event "Thüringenliga 2013/2014"]
[Site "?"]
[Date "2013.11.17"]
[Round "3"]
[White "Kirste, Olaf"]
[Black "Fischer, Dieter"]
[Result "1/2-1/2"]
[WhiteElo "1861"]
[BlackElo "1903"]
[PlyCount "89"]
[EventDate "2013.??.??"]
[WhiteTeam "ESV Lok Sömmerda"]
[BlackTeam "Erfurter Schachklub"]

1. c4 c6 2. Nc3 d5 3. d4 Nf6 4. Nf3 Bf5 5. e3 e6 6. Be2 h6 7. O-O Be7 8. a3 Ne4
9. Ne5 O-O 10. Nxe4 Bxe4 11. Bd2 Nd7 12. Nxd7 Qxd7 13. b4 Bd6 14. Bc3 Qe7 15.
Qb3 Qg5 16. g3 Qg6 17. Rfc1 h5 18. Qd1 h4 19. Be1 hxg3 20. fxg3 Qg5 21. Bf2
dxc4 22. Bxc4 Qf5 23. Bf1 Bd5 24. Bg2 a5 25. Qd2 Rfd8 26. Bxd5 Qxd5 27. Qb2 Qb5
28. Be1 axb4 29. axb4 Be7 30. Bc3 Qd3 31. Kf2 Bg5 32. Qe2 Qh7 33. Kg2 Qe4+ 34.
Kf2 Rxa1 35. Rxa1 Rd5 36. Bd2 Rf5+ 37. Kg1 Rf3 38. Re1 Bh6 39. Qg2 f5 40. Qe2
g5 41. b5 g4 42. bxc6 bxc6 43. Qa6 Bxe3+ 44. Bxe3 Rxe3 45. Qc8+ 1/2-1/2

[Event "Thüringenliga 2013/2014"]
[Site "?"]
[Date "2013.11.17"]
[Round "3"]
[White "Neidig, Stefan"]
[Black "Pähtz, Thomas"]
[Result "1/2-1/2"]
[WhiteElo "2169"]
[BlackElo "2277"]
[PlyCount "86"]
[EventDate "2013.??.??"]
[WhiteTeam "TSG Apolda"]
[BlackTeam "Ilmenauer SV"]

1. e4 e5 2. Nf3 Nc6 3. Bc4 Nf6 4. d3 Bc5 5. O-O O-O 6. Nc3 h6 7. Be3 Bb6 8. a3
d6 9. Bxb6 axb6 10. h3 Re8 11. Re1 Be6 12. Bxe6 Rxe6 13. d4 exd4 14. Nxd4 Nxd4
15. Qxd4 Qe8 16. Re3 Qc6 17. Rae1 Rae8 18. R1e2 Qc5 19. Qxc5 bxc5 20. Kf1 Kf8
21. Ke1 c6 22. Kd2 b5 23. b4 Nd7 24. bxc5 Nxc5 25. f3 Ra8 26. Na2 Ke7 27. Nb4
Kd7 28. Rc3 Rc8 29. Nd3 Na4 30. Rb3 Rce8 31. Re3 Ke7 32. h4 g5 33. hxg5 hxg5
34. Re1 Rh8 35. Ke3 f5 36. Kf2 f4 37. Rc1 Nb6 38. Nb2 g4 39. fxg4 Rxe4 40. Rb4
d5 41. Nd3 Nc4 42. a4 bxa4 43. Rxa4 Kd6 1/2-1/2

[Event "Thüringenliga 2013/2014"]
[Site "?"]
[Date "2013.11.17"]
[Round "3"]
[White "Zehnter, Sebastian"]
[Black "Goemann, Jens"]
[Result "1-0"]
[WhiteElo "2199"]
[BlackElo "2078"]
[PlyCount "53"]
[EventDate "2013.??.??"]
[WhiteTeam "Ilmenauer SV"]
[BlackTeam "TSG Apolda"]

1. d4 Nf6 2. c4 g6 3. Nc3 Bg7 4. g3 c6 5. Bg2 O-O 6. e3 d5 7. Qb3 dxc4 8. Qxc4
Nbd7 9. Nge2 e5 10. O-O Nb6 11. Qb3 Be6 12. Qc2 exd4 13. Nxd4 Bc4 14. Rd1 Qe7
15. b3 Ba6 16. a4 Rfd8 17. Ba3 Qe5 18. Rac1 Nfd5 19. Nxd5 Nxd5 20. Kh1 Rac8 21.
b4 Nb6 22. Qb3 Qe8 23. b5 cxb5 24. axb5 Rxc1 25. Rxc1 Bxd4 26. bxa6 Be5 27.
axb7 1-0

[Event "Thüringenliga 2013/2014"]
[Site "?"]
[Date "2013.11.17"]
[Round "3"]
[White "Maiwald, Harald"]
[Black "Mehlhorn, Uwe"]
[Result "1/2-1/2"]
[WhiteElo "2028"]
[BlackElo "2089"]
[PlyCount "63"]
[EventDate "2013.??.??"]
[WhiteTeam "TSG Apolda"]
[BlackTeam "Ilmenauer SV"]

1. Nf3 g6 2. d4 Bg7 3. g3 Nf6 4. Bg2 O-O 5. O-O d6 6. c4 Nc6 7. Nc3 e5 8. d5
Ne7 9. c5 Ne8 10. cxd6 cxd6 11. e4 h6 12. Be3 f5 13. Rc1 Bd7 14. Qb3 Qb8 15. a4
Kh7 16. Rc2 Nf6 17. Rfc1 Rc8 18. Nd2 Ng4 19. Nb5 Rxc2 20. Rxc2 Bxb5 21. Qxb5 f4
22. Bxf4 exf4 23. Qd7 fxg3 24. hxg3 Qe8 25. Qxg4 Rc8 26. Rxc8 Nxc8 27. Nc4 Nb6
28. Nxd6 Qxa4 29. Nxb7 Nxd5 30. Qe2 Ne7 31. Kh2 Qd4 32. b3 1/2-1/2

[Event "Thüringenliga 2013/2014"]
[Site "?"]
[Date "2013.11.17"]
[Round "3"]
[White "Sukaylo, Aleksey"]
[Black "Rohmeiß, Roberto"]
[Result "0-1"]
[WhiteElo "2006"]
[BlackElo "2023"]
[PlyCount "74"]
[EventDate "2013.??.??"]
[WhiteTeam "Ilmenauer SV"]
[BlackTeam "TSG Apolda"]

1. e4 Nf6 2. e5 Nd5 3. c4 Nb6 4. d4 d6 5. exd6 cxd6 6. Nc3 g6 7. Be3 Bg7 8. Rc1
O-O 9. b3 Nc6 10. Nf3 Bg4 11. Be2 d5 12. c5 Nc8 13. h3 Bxf3 14. Bxf3 e6 15. b4
Nxb4 16. Rb1 Na6 17. Rxb7 Nxc5 18. dxc5 Bxc3+ 19. Kf1 Be5 20. Qb1 Ne7 21. Bg5
Re8 22. Bd1 f6 23. Bd2 Nf5 24. h4 Re7 25. c6 Rb8 26. g4 Rbxb7 27. cxb7 Nd6 28.
g5 Rxb7 29. Qd3 f5 30. h5 Ne4 31. Be3 Qa5 32. hxg6 hxg6 33. Qc2 Qc3 34. Qa4
Qc4+ 35. Kg2 Qxa4 36. Bxa4 f4 37. Bc1 Nxg5 0-1

[Event "Thüringenliga 2013/2014"]
[Site "?"]
[Date "2013.11.17"]
[Round "3"]
[White "Steiger, Jürgen"]
[Black "Rempel, Patrick"]
[Result "1/2-1/2"]
[WhiteElo "1974"]
[BlackElo "2035"]
[PlyCount "101"]
[EventDate "2013.??.??"]
[WhiteTeam "TSG Apolda"]
[BlackTeam "Ilmenauer SV"]

1. e4 c5 2. Nc3 Nc6 3. g3 g6 4. Bg2 Bg7 5. Nge2 e6 6. d3 Nge7 7. Be3 d6 8. d4
cxd4 9. Nxd4 a6 10. O-O Ne5 11. b3 h5 12. h3 Bd7 13. Qd2 Qc7 14. Nce2 b5 15.
Rac1 Rc8 16. c4 Qb8 17. cxb5 axb5 18. Rxc8+ Bxc8 19. Rc1 O-O 20. f4 Nd7 21. Nc6
Nxc6 22. Rxc6 d5 23. exd5 exd5 24. Qxd5 Nf6 25. Qc5 Bf5 26. Nc3 b4 27. Nd5 Ne4
28. Qxb4 Qxb4 29. Nxb4 Nxg3 30. Nd5 Bb1 31. a4 Nf5 32. Bc5 Ra8 33. Nb6 Ra7 34.
b4 Kh7 35. a5 Bd3 36. Nc8 Rd7 37. Nd6 Nd4 38. a6 Nxc6 39. Bxc6 Rxd6 40. Bxd6
Bd4+ 41. Kg2 Bxa6 42. Bc7 Bc8 43. b5 f6 44. Be4 Kh6 45. b6 f5 46. b7 Bxb7 47.
Bxb7 g5 48. Bf3 Bf6 49. Bc6 h4 50. Bd7 Kg6 51. Be8+ 1/2-1/2

[Event "Thüringenliga 2013/2014"]
[Site "?"]
[Date "2013.11.17"]
[Round "3"]
[White "Töpfer, Albrecht"]
[Black "Schmidt, Matthias"]
[Result "1-0"]
[WhiteElo "1913"]
[BlackElo "1957"]
[PlyCount "76"]
[EventDate "2013.??.??"]
[WhiteTeam "Ilmenauer SV"]
[BlackTeam "TSG Apolda"]

1. c4 Nf6 2. g3 g6 3. Bg2 d5 4. cxd5 Nxd5 5. Nc3 Nb6 6. Nf3 Bg7 7. O-O O-O 8.
d3 Nc6 9. Bf4 h6 10. Qc1 Kh7 11. a3 e5 12. Be3 Nd4 13. Bxd4 exd4 14. Ne4 c6 15.
Nc5 Qd6 16. Qc2 Nd7 17. Ne4 Qe7 18. b4 f5 19. Ned2 Rd8 20. Nb3 Nf8 21. Rfc1 Be6
22. Rab1 Bg8 23. Kf1 Ne6 24. Nc5 Re8 25. Rb2 Rad8 26. Qa4 a6 27. Qa5 Rb8 28.
Qb6 Nc7 29. Na4 Nb5 30. Ra1 Nc3 31. Nc5 Bf6 32. Re1 Qg7 33. a4 Nd5 34. Qa7 Qc7
35. Nd2 Re7 36. Nc4 Rg7 37. b5 axb5 38. axb5 cxb5 {ZÜ} 1-0

[Event "Thüringenliga 2013/2014"]
[Site "?"]
[Date "2013.11.17"]
[Round "3"]
[White "Römer, Norbert"]
[Black "Falk, Kristoffer"]
[Result "1-0"]
[WhiteElo "1862"]
[BlackElo "1864"]
[PlyCount "77"]
[EventDate "2013.??.??"]
[WhiteTeam "TSG Apolda"]
[BlackTeam "Ilmenauer SV"]

1. c4 e5 2. g3 f5 3. Bg2 Nf6 4. Nc3 g6 5. d3 Bg7 6. e3 O-O 7. Nge2 d6 8. O-O c6
9. Qb3 Qc7 10. Bd2 Be6 11. Rac1 Nbd7 12. Nd5 Qb8 13. Nxf6+ Bxf6 14. d4 Bf7 15.
a4 Qc7 16. Qc2 Rae8 17. Bc3 Bxc4 18. dxe5 dxe5 19. Rfd1 Be6 20. b4 Rc8 21. Qb2
b6 22. f4 c5 23. fxe5 Nxe5 24. Nf4 Bf7 25. Bd5 Rce8 26. bxc5 bxc5 27. Qa2 Kg7
28. Bxf7 Qxf7 29. Qb2 c4 30. Nd5 Nd3 31. Bxf6+ Kg8 32. Rxd3 cxd3 33. Qd4 Qe6
34. Rc7 Rf7 35. Rxf7 Qxf7 36. Qxd3 Qb7 37. Bc3 Qf7 38. Nf6+ Kf8 39. Nxe8 1-0

[Event "Thüringenliga 2013/2014"]
[Site "?"]
[Date "2013.11.17"]
[Round "3"]
[White "Leuner, Klaus"]
[Black "Carnot, Luca"]
[Result "1/2-1/2"]
[WhiteElo "1875"]
[BlackElo "1537"]
[PlyCount "76"]
[EventDate "2013.??.??"]
[WhiteTeam "Ilmenauer SV"]
[BlackTeam "TSG Apolda"]

1. d4 Nf6 2. c4 e6 3. Nc3 d5 4. Bg5 Be7 5. e3 c6 6. Nf3 Nbd7 7. a3 O-O 8. Qc2
a6 9. c5 a5 10. Bd3 h6 11. Bh4 b6 12. cxb6 c5 13. Bb5 Qxb6 14. O-O g5 15. Bg3
Nh5 16. Rfd1 Nxg3 17. hxg3 Rd8 18. Rac1 Ra7 19. Bxd7 Bxd7 20. dxc5 Qxc5 21.
Nxd5 Qxc2 22. Nxe7+ Kf8 23. Rxc2 Kxe7 24. Rcd2 f6 25. Nd4 Raa8 26. Rc1 Rac8 27.
Rdc2 Rxc2 28. Rxc2 e5 29. Nc6+ Bxc6 30. Rxc6 Rd1+ 31. Kh2 Rd2 32. f3 Rxb2 33.
Ra6 Rb3 34. a4 Rxe3 35. Rxa5 Ra3 36. Ra7+ Kf8 37. a5 Ra1 38. a6 Kg8 1/2-1/2

[Event "Thüringenliga 2013/2014"]
[Site "?"]
[Date "2013.11.17"]
[Round "3"]
[White "Siebarth, Raiko"]
[Black "Philipp, Michael"]
[Result "1/2-1/2"]
[WhiteElo "2249"]
[BlackElo "1963"]
[PlyCount "89"]
[EventDate "2013.??.??"]
[WhiteTeam "SG Blau-Weiß Stadtilm"]
[BlackTeam "SSV Vimaria 91 Weimar"]

1. c4 e6 2. g3 d5 3. cxd5 exd5 4. d4 Bd6 5. Bg2 Nf6 6. Bg5 O-O 7. Nf3 h6 8.
Bxf6 Qxf6 9. O-O c6 10. Nc3 Bg4 11. h3 Bf5 12. Qb3 Qe7 13. Rfe1 Be6 14. Qc2 f5
15. e3 Nd7 16. Nh4 Qf6 17. f4 Qf7 18. a3 a5 19. Rab1 g5 20. Nf3 gxf4 21. exf4
Nf6 22. Ne5 Bxe5 23. Rxe5 Ne4 24. Re1 Rae8 25. Nxe4 dxe4 26. Rxa5 Qg7 27. Qc3
Rd8 28. Re5 Rd6 29. Kf2 Rfd8 30. Rd1 b6 31. Bf1 Kh7 32. Bc4 Bxc4 33. Qxc4 c5
34. d5 Rg8 35. Qc3 Qf7 36. a4 Rgd8 37. a5 Rxd5 38. Rdxd5 Rxd5 39. axb6 c4 40.
Rxd5 Qxd5 41. Ke1 Kg6 42. Qd2 Qc5 43. b7 Qg1+ 44. Ke2 Qb6 45. Qd5 1/2-1/2

[Event "Thüringenliga 2013/2014"]
[Site "?"]
[Date "2013.11.17"]
[Round "3"]
[White "Albrecht, Jürgen"]
[Black "Schneider, Christian"]
[Result "0-1"]
[WhiteElo "2053"]
[BlackElo "2179"]
[PlyCount "72"]
[EventDate "2013.??.??"]
[WhiteTeam "SSV Vimaria 91 Weimar"]
[BlackTeam "SG Blau-Weiß Stadtilm"]

1. e4 c6 2. Nc3 d5 3. d4 dxe4 4. Nxe4 Nd7 5. Nf3 Ngf6 6. Ned2 e6 7. g3 Be7 8.
Bg2 O-O 9. O-O Nb6 10. Qe2 Re8 11. Rd1 Qc7 12. Nb3 a5 13. c4 Nbd7 14. Bf4 Qb6
15. Nc1 c5 16. dxc5 Bxc5 17. Nb3 e5 18. Bg5 Bf8 19. Be3 Qc7 20. h3 a4 21. Nbd2
Nc5 22. Rac1 Bf5 23. Bxc5 Bxc5 24. Nh4 Bc8 25. Ne4 Nxe4 26. Qxe4 Ra6 27. Rd2
Rf6 28. Rcd1 h6 29. Nf3 Bf5 30. Qe2 e4 31. Nd4 e3 32. Kh2 Bd7 33. fxe3 Rg6 34.
Qf2 Rxg3 35. Ne6 Rxh3+ 36. Kg1 Qh2+ 0-1

[Event "Thüringenliga 2013/2014"]
[Site "?"]
[Date "2013.11.17"]
[Round "3"]
[White "Siebarth, Marco"]
[Black "Mysliwiec, Jörg"]
[Result "1/2-1/2"]
[WhiteElo "1977"]
[BlackElo "2059"]
[PlyCount "96"]
[EventDate "2013.??.??"]
[WhiteTeam "SG Blau-Weiß Stadtilm"]
[BlackTeam "SSV Vimaria 91 Weimar"]

1. e4 c6 2. d4 d5 3. Nc3 dxe4 4. Nxe4 Nf6 5. Ng3 e6 6. Nf3 c5 7. Bb5+ Bd7 8.
Bxd7+ Nbxd7 9. O-O Be7 10. c4 O-O 11. b3 Qc7 12. Bb2 Rad8 13. Qe2 Rfe8 14. Rad1
a6 15. Rfe1 cxd4 16. Bxd4 Qa5 17. Qb2 Bb4 18. Bxf6 Nxf6 19. Rf1 h6 20. Qe2 Bc3
21. Rxd8 Rxd8 22. Rd1 Bb4 23. a4 Bc5 24. Nd2 Bb6 25. Nde4 Rxd1+ 26. Qxd1 Nxe4
27. Nxe4 Qe5 28. Ng3 Qb2 29. Qf3 Qc1+ 30. Nf1 Qe1 31. g4 e5 32. Kg2 Bd4 33. Ng3
Qb4 34. h3 b6 35. Nf5 Bc5 36. Ng3 Qe1 37. Qa8+ Kh7 38. Qe4+ Qxe4+ 39. Nxe4 Bb4
40. Kf3 Kg6 41. Ng3 Kg5 42. Nf5 g6 43. h4+ Kf6 44. Nxh6 Kg7 45. g5 f5 46. Ke2
a5 47. Kd3 Bc5 48. Ke2 Bd4 1/2-1/2

[Event "Thüringenliga 2013/2014"]
[Site "?"]
[Date "2013.11.17"]
[Round "3"]
[White "Günther, Andreas"]
[Black "George, Tom"]
[Result "1/2-1/2"]
[WhiteElo "2105"]
[BlackElo "1831"]
[PlyCount "72"]
[EventDate "2013.??.??"]
[WhiteTeam "SSV Vimaria 91 Weimar"]
[BlackTeam "SG Blau-Weiß Stadtilm"]

1. d4 Nf6 2. Nf3 b6 3. Bg5 Bb7 4. Nbd2 e6 5. e3 Be7 6. Bd3 d5 7. O-O Nbd7 8. c3
Ne4 9. Bxe7 Qxe7 10. Ne5 O-O 11. Nxd7 Qxd7 12. f3 Nxd2 13. Qxd2 c5 14. Rad1 a5
15. Qe2 Bc6 16. Rd2 c4 17. Bc2 b5 18. e4 b4 19. exd5 exd5 20. Re1 Rfe8 21. Qf2
Rxe1+ 22. Qxe1 Re8 23. Re2 f6 24. Kf2 g6 25. h4 Kg7 26. Rxe8 Qxe8 27. Qxe8 Bxe8
28. Ke3 bxc3 29. bxc3 f5 30. Kf4 Kf6 31. g4 Bd7 32. g5+ Ke6 33. Ke3 Bc6 34. f4
Be8 35. Kd2 a4 36. Kc1 a3 1/2-1/2

[Event "Thüringenliga 2013/2014"]
[Site "?"]
[Date "2013.11.17"]
[Round "3"]
[White "Berner, Stephan"]
[Black "Stiefel, Roland"]
[Result "0-1"]
[WhiteElo "1875"]
[BlackElo "1960"]
[PlyCount "120"]
[EventDate "2013.??.??"]
[WhiteTeam "SG Blau-Weiß Stadtilm"]
[BlackTeam "SSV Vimaria 91 Weimar"]

1. e4 c5 2. Nc3 a6 3. f4 Nc6 4. Nf3 g6 5. g3 Bg7 6. Bg2 e6 7. O-O Nge7 8. d3 d6
9. Ne2 O-O 10. c3 Qc7 11. Be3 b6 12. Qc2 Bb7 13. g4 Rad8 14. Ng3 d5 15. Rad1
Bc8 16. h4 Na5 17. Qe2 Bd7 18. Ne5 Bb5 19. c4 Be8 20. Nf3 Nac6 21. Nh2 Nd4 22.
Qf2 dxc4 23. dxc4 Nec6 24. g5 f6 25. Ng4 fxg5 26. hxg5 Ne5 27. Nf6+ Bxf6 28.
gxf6 Ng4 29. Qe1 Nc2 30. Rxd8 Qxd8 31. Qd2 Qxd2 32. Bxd2 Nxf6 33. f5 exf5 34.
Bh6 Rf7 35. e5 Ng4 36. Bf4 Nce3 37. Bd5 Nxf1 38. Nxf1 Kg7 39. e6 Re7 40. Bd6
Kf6 41. Kg2 Rxe6 42. Bxe6 Kxe6 43. Bc7 b5 44. cxb5 Bxb5 45. Nd2 g5 46. Bd8 h6
47. Nb3 c4 48. Nd4+ Ke5 49. Bb6 Ne3+ 50. Kf3 Nd5 51. Ba7 g4+ 52. Kf2 Ke4 53.
Kg3 Bd7 54. Ne2 f4+ 55. Kf2 g3+ 56. Ke1 Bg4 57. Nc3+ Nxc3 58. bxc3 h5 59. Kf1
h4 60. a4 h3 0-1

[Event "Thüringenliga 2013/2014"]
[Site "?"]
[Date "2013.11.17"]
[Round "3"]
[White "Gulich, Christian"]
[Black "Schröter, Maik"]
[Result "1-0"]
[WhiteElo "1962"]
[BlackElo "1775"]
[PlyCount "61"]
[EventDate "2013.??.??"]
[WhiteTeam "SSV Vimaria 91 Weimar"]
[BlackTeam "SG Blau-Weiß Stadtilm"]

1. e4 Nc6 2. d4 d5 3. exd5 Qxd5 4. Nf3 Bg4 5. Be2 O-O-O 6. Be3 e6 7. O-O h6 8.
a3 Qh5 9. h3 Bxf3 10. Bxf3 Qb5 11. Nc3 Qf5 12. Bxc6 bxc6 13. Qe2 Bd6 14. b4 Ne7
15. Qa6+ Kd7 16. b5 Rb8 17. Rab1 Rb6 18. Qxa7 Nd5 19. bxc6+ Rxc6 20. Nb5 Qe4
21. Nxd6 Kxd6 22. Qa4 Nxe3 23. fxe3 Qxe3+ 24. Kh1 f5 25. c4 g5 26. Rfe1 Qf4 27.
Rbd1 g4 28. d5 gxh3 29. Qxc6+ Ke7 30. Qxe6+ Kd8 31. Qf6+ 1-0

[Event "Thüringenliga 2013/2014"]
[Site "?"]
[Date "2013.11.17"]
[Round "3"]
[White "Werner, Justus"]
[Black "Riedel, Finn"]
[Result "0-1"]
[WhiteElo "1817"]
[BlackElo "1981"]
[PlyCount "54"]
[EventDate "2013.??.??"]
[WhiteTeam "SG Blau-Weiß Stadtilm"]
[BlackTeam "SSV Vimaria 91 Weimar"]

1. c4 e5 2. Nc3 f5 3. g3 Nf6 4. Bg2 c6 5. e3 d6 6. Nge2 Be6 7. b3 Nbd7 8. d4
Rc8 9. O-O Be7 10. Bb2 O-O 11. Qd2 Bf7 12. Rad1 e4 13. f3 d5 14. c5 g5 15. fxe4
fxe4 16. b4 a6 17. a4 Be6 18. b5 axb5 19. axb5 Qe8 20. Kh1 Qh5 21. Ng1 Ng4 22.
h3 cxb5 23. Ra1 b4 24. Nb5 b3 25. Rac1 Nh6 26. Qd1 Qxd1 27. Rcxd1 Nf5 0-1

[Event "Thüringenliga 2013/2014"]
[Site "?"]
[Date "2013.11.17"]
[Round "3"]
[White "Rensch, Toralf"]
[Black "Schmidt, Daniel"]
[Result "1-0"]
[WhiteElo "1986"]
[BlackElo "1694"]
[PlyCount "69"]
[EventDate "2013.??.??"]
[WhiteTeam "SSV Vimaria 91 Weimar"]
[BlackTeam "SG Blau-Weiß Stadtilm"]

1. e4 c5 2. Nc3 e6 3. g3 Nc6 4. Bg2 g6 5. d3 a6 6. f4 Bg7 7. Nf3 Nge7 8. O-O
O-O 9. g4 d5 10. e5 f6 11. exf6 Bxf6 12. Qe1 Nd4 13. Nxd4 Bxd4+ 14. Kh1 Bg7 15.
Qh4 Qd7 16. Bd2 b5 17. Rae1 b4 18. Nd1 Bb7 19. Re3 Bf6 20. Qe1 Nc6 21. g5 Bg7
22. Rxe6 Nd4 23. Re7 Qc8 24. c3 Nf5 25. Rxb7 Qxb7 26. Qe6+ Qf7 27. Qxf7+ Rxf7
28. Bxd5 Rd8 29. Bxf7+ Kxf7 30. Nf2 bxc3 31. Bxc3 Bxc3 32. bxc3 Ne3 33. Rb1 Nd5
34. Ne4 Kg8 35. Rb7 {ZÜ} 1-0

[Event "Thüringenliga 2013/2014"]
[Site "?"]
[Date "2013.11.17"]
[Round "3"]
[White "Recknagel, Michael"]
[Black "Darr, Sascha"]
[Result "1/2-1/2"]
[WhiteElo "2180"]
[BlackElo "2077"]
[PlyCount "102"]
[EventDate "2013.??.??"]
[WhiteTeam "SC Suhl"]
[BlackTeam "SV Jenapharm Jena"]

1. e4 e5 2. Nc3 Nf6 3. f4 d5 4. fxe5 Nxe4 5. Nf3 Be7 6. Qe2 Nxc3 7. dxc3 c6 8.
Be3 Nd7 9. Qf2 O-O 10. Bd3 b6 11. O-O-O Nc5 12. Qg3 Kh8 13. Bg5 Nxd3+ 14. cxd3
Bxg5+ 15. Nxg5 h6 16. Nf3 Bd7 17. Rhf1 Qe7 18. d4 Rae8 19. Rd2 Bc8 20. Rdf2 Kh7
21. Kd1 Ba6 22. Re1 Bc8 23. Re3 Qe6 24. h3 Qg6 25. Qxg6+ Kxg6 26. Ne1 Re7 27.
Nd3 Rfe8 28. Ref3 Bd7 29. Nf4+ Kh7 30. Nh5 Be6 31. Rg3 Rg8 32. Kd2 Bd7 33. Rgf3
Be6 34. Ke3 Rc8 35. Rg3 Rg8 36. a3 Bd7 37. Nf4 Rc8 38. Rgf3 Rce8 39. Nd3 Kg8
40. Rg3 Bc8 41. Rf6 Re6 42. Rxe6 Bxe6 43. Nf4 Bf5 44. Rf3 Bh7 45. Kd2 Re7 46.
g4 Be4 47. Re3 Bh7 48. Re1 Kf8 49. b4 Rc7 50. a4 Be4 51. h4 a5 1/2-1/2

[Event "Thüringenliga 2013/2014"]
[Site "?"]
[Date "2013.11.17"]
[Round "3"]
[White "Berghof, Axel"]
[Black "Zipfel, Frank"]
[Result "1-0"]
[WhiteElo "2015"]
[BlackElo "2034"]
[PlyCount "65"]
[EventDate "2013.??.??"]
[WhiteTeam "SC Suhl"]
[BlackTeam "SV Jenapharm Jena"]

1. e4 d5 2. e5 c5 3. b4 cxb4 4. a3 Nc6 5. d4 Qb6 6. Nf3 Bg4 7. Be3 e6 8. axb4
Bxf3 9. gxf3 Bxb4+ 10. c3 Ba5 11. Bd3 Qb2 12. Ra3 Qb6 13. O-O Nge7 14. Nd2 O-O
15. f4 Qd8 16. Qh5 g6 17. Qh6 Nf5 18. Bxf5 exf5 19. Nf3 f6 20. Kh1 Qe7 21. Rb3
Bb6 22. Rg1 fxe5 23. fxe5 Qg7 24. Qh3 Na5 25. Bh6 Qd7 26. Rbb1 Rfc8 27. Nh4 Rc6
28. Rg3 Rac8 29. Rbg1 Bd8 30. Nxg6 hxg6 31. Rxg6+ Rxg6 32. Rxg6+ Kh7 33. Qh5
1-0

[Event "Thüringenliga 2013/2014"]
[Site "?"]
[Date "2013.11.17"]
[Round "3"]
[White "Mucha, Annegret"]
[Black "Feld-Gerdes, Wolfgang"]
[Result "0-1"]
[WhiteElo "1986"]
[BlackElo "1997"]
[PlyCount "98"]
[EventDate "2013.??.??"]
[WhiteTeam "SV Jenapharm Jena"]
[BlackTeam "SC Suhl"]

1. e4 c5 2. Nf3 g6 3. d4 cxd4 4. Qxd4 Nf6 5. e5 Nc6 6. Qa4 Nd5 7. Qb3 Nb6 8. a4
d6 9. Bb5 Bg7 10. a5 Be6 11. Qc3 Nd5 12. Bxc6+ bxc6 13. Qxc6+ Kf8 14. exd6 Rc8
15. Qa4 Qxd6 16. c3 Bd7 17. Qe4 Bb5 18. Nd4 Ba6 19. Ne2 f5 20. Qf3 e5 21. Bd2
e4 22. Qg3 Be5 23. Qh4 Re8 24. Na3 Nf6 25. Nc2 Bxe2 26. Kxe2 Qd3+ 27. Kd1 Rd8
28. Qh6+ Kf7 29. Qe3 Ng4 30. Qxd3 Nxf2+ 31. Ke2 Nxd3 32. Rab1 Rd7 33. Be3 Rb8
34. Nd4 Bxd4 35. Bxd4 Nxb2 36. Be5 Rb5 37. a6 Rxe5 38. Rxb2 Ra5 39. Rb7 Ke6 40.
Rhb1 Rxa6 41. Rxd7 Kxd7 42. Rb7+ Ke6 43. Rxh7 f4 44. c4 Ra2+ 45. Kf1 a5 46. Ra7
Ke5 47. Rd7 e3 48. c5 Rf2+ 49. Kg1 Rc2 0-1

[Event "Thüringenliga 2013/2014"]
[Site "?"]
[Date "2013.11.17"]
[Round "3"]
[White "Koch, Stefan"]
[Black "August, Daniel"]
[Result "1/2-1/2"]
[WhiteElo "1862"]
[BlackElo "1940"]
[PlyCount "79"]
[EventDate "2013.??.??"]
[WhiteTeam "SC Suhl"]
[BlackTeam "SV Jenapharm Jena"]

1. e4 d6 2. d4 Nf6 3. Nc3 e5 4. dxe5 dxe5 5. Qxd8+ Kxd8 6. Nf3 Bd6 7. Bc4 Be6
8. Bxe6 fxe6 9. Be3 a6 10. O-O-O Ke7 11. Ne1 b5 12. f3 Nbd7 13. Nd3 Rhb8 14.
Rd2 a5 15. Nb1 Nb6 16. Bxb6 Rxb6 17. Kd1 Nd7 18. Ke2 a4 19. Rc1 Nc5 20. Nxc5
Bxc5 21. Rcd1 Bd6 22. Rd3 c5 23. c4 bxc4 24. R3d2 Rab8 25. Na3 Rxb2 26. Nxc4
Rxd2+ 27. Rxd2 Bc7 28. Rb2 Kd7 29. Rxb8 Bxb8 30. Nb6+ Kc6 31. Nxa4 Kb5 32. Nc3+
Kb4 33. Kd3 Ba7 34. Kc2 Bb6 35. Ne2 c4 36. Ng3 g6 37. Nf1 c3 38. Ng3 Kc4 39.
Ne2 Bd4 40. Nc1 1/2-1/2

[Event "Thüringenliga 2013/2014"]
[Site "?"]
[Date "2013.11.17"]
[Round "3"]
[White "Krabel, Stefan"]
[Black "Fuhrmann, Christian"]
[Result "1-0"]
[WhiteElo "1926"]
[BlackElo "1798"]
[PlyCount "67"]
[EventDate "2013.??.??"]
[WhiteTeam "SV Jenapharm Jena"]
[BlackTeam "SC Suhl"]

1. Nf3 d5 2. g3 Nf6 3. Bg2 Nbd7 4. d4 e6 5. O-O Be7 6. c4 O-O 7. Qc2 c6 8. Nbd2
Re8 9. b3 Bf8 10. e4 dxe4 11. Nxe4 Nxe4 12. Qxe4 Nf6 13. Qc2 Bd7 14. Bb2 Rc8
15. Ne5 b6 16. Rad1 Qc7 17. Rd3 Red8 18. Rfd1 Be8 19. Qe2 Bd6 20. f4 Qe7 21.
Re3 g6 22. g4 Bxe5 23. fxe5 Nd7 24. Rf1 Nf8 25. Qf2 Qg5 26. Qg3 Qe7 27. Qf4 Rc7
28. Qh6 b5 29. c5 b4 30. h4 a5 31. Re4 g5 32. Bc1 gxh4 33. Bg5 Qd7 34. Bf6 1-0

[Event "Thüringenliga 2013/2014"]
[Site "?"]
[Date "2013.11.17"]
[Round "3"]
[White "Will, Ralph"]
[Black "Wolf, Isaak"]
[Result "0-1"]
[WhiteElo "1757"]
[BlackElo "1968"]
[PlyCount "50"]
[EventDate "2013.??.??"]
[WhiteTeam "SC Suhl"]
[BlackTeam "SV Jenapharm Jena"]

1. d4 f5 2. c4 g6 3. g3 Nf6 4. Bg2 Bg7 5. Nf3 d6 6. O-O O-O 7. Nbd2 Qe8 8. Re1
e5 9. dxe5 dxe5 10. e4 f4 11. Rb1 h6 12. b4 g5 13. Bb2 Nh7 14. h3 g4 15. hxg4
Bxg4 16. Qc2 Qh5 17. Qb3 Nc6 18. b5 Nd8 19. Nh4 Ng5 20. Nf5 f3 21. Nxg7 Nh3+
22. Kh2 Kxg7 23. Bxe5+ Kh7 24. Bxc7 Nxf2+ 25. Kg1 fxg2 0-1

[Event "Thüringenliga 2013/2014"]
[Site "?"]
[Date "2013.11.17"]
[Round "3"]
[White "Mißbach, Bernd"]
[Black "Müller, Bernd"]
[Result "1-0"]
[WhiteElo "1896"]
[BlackElo "1721"]
[PlyCount "155"]
[EventDate "2013.??.??"]
[WhiteTeam "SV Jenapharm Jena"]
[BlackTeam "SC Suhl"]

1. Nf3 d5 2. g3 c5 3. Bg2 Nc6 4. c4 d4 5. d3 e5 6. Na3 Nf6 7. Nc2 Bd6 8. O-O
O-O 9. Bd2 Bf5 10. a3 a5 11. b3 h6 12. Rb1 Qd7 13. b4 axb4 14. axb4 Ra2 15.
bxc5 Bxc5 16. Ra1 Rfa8 17. Rxa2 Rxa2 18. Qb1 Ra7 19. Qb5 Qd6 20. Rb1 Bd7 21.
Qb2 Kh7 22. Qc1 e4 23. Nfe1 Bf5 24. Rb5 Ne5 25. Bf4 g5 26. Bxe5 Qxe5 27. Bxe4
Bxe4 28. dxe4 Nxe4 29. Nd3 Qe7 30. Nxc5 Nc3 31. Nxd4 Nxb5 32. Qb1+ Kg8 33. Qxb5
Qe5 34. Qb2 Qxc5 35. g4 Qa3 36. Qb6 Qc1+ 37. Kg2 Ra1 38. Qd8+ Kh7 39. Nf3 Qxc4
40. Qd7 b5 41. Qf5+ Kg8 42. h4 gxh4 43. Qh5 h3+ 44. Qxh3 Ra4 45. Nh2 Qe4+ 46.
Kg3 Qf4+ 47. Kg2 b4 48. Qd3 Ra3 49. Qd8+ Kg7 50. Qe7 Ra2 51. Kh3 b3 52. Nf3 Ra1
53. Qb7 Rb1 54. Nh4 Qe5 55. Nf5+ Kf6 56. Qb6+ Qe6 57. Qd4+ Qe5 58. Qd8+ Kg6 59.
Ne7+ Kg7 60. Nf5+ Kh7 61. Qd3 Rh1+ 62. Kg2 Qh2+ 63. Kf3 Qe5 64. Ng3+ Kg7 65.
Nxh1 b2 66. Ng3 Qb8 67. Nf5+ Kf6 68. Qd4+ Qe5 69. Qd8+ Kg6 70. Qd3 Kf6 71. Ne3
Qb8 72. Qd4+ Ke7 73. Nf5+ Ke6 74. Qe4+ Kf6 75. Qc6+ Ke5 76. Kg3 Qb3+ 77. e3 Qe6
78. Qc3+ 1-0

[Event "Thüringenliga 2013/2014"]
[Site "?"]
[Date "2013.11.17"]
[Round "3"]
[White "Kottwitz, Daniel"]
[Black "Wehner, Janis"]
[Result "0-1"]
[WhiteElo "1913"]
[BlackElo "2138"]
[PlyCount "68"]
[EventDate "2013.??.??"]
[WhiteTeam "Schachzirkel Elstertal Langenberg"]
[BlackTeam "SV Medizin Erfurt"]

1. e4 c5 2. Nf3 Nc6 3. Bb5 g6 4. Bxc6 dxc6 5. h3 Bg7 6. d3 Nf6 7. Nc3 Nd7 8.
Be3 e5 9. Qd2 Qe7 10. Bh6 f6 11. Bxg7 Qxg7 12. Qe3 Qe7 13. Nd2 Nf8 14. f4 exf4
15. Qxf4 Ne6 16. Qf2 Nd4 17. Nf3 Nxf3+ 18. gxf3 Be6 19. O-O-O O-O-O 20. f4 f5
21. h4 b6 22. Rde1 fxe4 23. Rxe4 Qf7 24. Rhe1 Rhe8 25. Kb1 Bf5 26. Re5 Rxe5 27.
Rxe5 c4 28. d4 Qd7 29. Ne2 Bg4 30. c3 c5 31. Qg2 Kb8 32. d5 Qa4 33. Qxg4 Qd1+
34. Nc1 Qxg4 0-1